000 00743nam a2200241 a 4500
001 40714
003 (BD-RjUL)
005 20211209053253.0
008 160509s1969 enkabcf b 001 0 eng
020 _a0269671145
035 _a(BD-RjUL) 40829
040 _aDLC
_cDLC
_dUKM
_dEQO
_d(BD-RjUL)
_beng
041 _aeng
082 _a972.93
_223
_bWID 1969
100 1 _aWiarda, Howard J.,
_d1939-
_9125267
245 0 4 _aThe Dominican Republic :
_bnation in transition /
_c[by] Howard J. Wiarda.
260 _aLondon :
_bPall Mall P.,
_c1969
300 _aix, 249 p. :
_b8 plates, illus., 2 maps, ports. ;
_c22 cm.
500 _aIncludes index
504 _aBibliography: p. 235-237.
651 0 _aDominican Republic.
_9125268
942 _2ddc
_cBK
999 _c40714
_d40714